| 000 | 00789nam a22002531 4500 | ||
|---|---|---|---|
| 001 | 21392 | ||
| 003 | CZ PrNK | ||
| 005 | 20260228132918.0 | ||
| 008 | 010318s1987 xo a e 000 0 slo | ||
| 040 |
_aABA001 _bcze _cABA001 _dABA001 |
||
| 072 | 7 |
_a316.7 _xSociologie kultury. Kulturní život _2Konspekt |
|
| 080 |
_a316.7 _2MRF |
||
| 080 |
_a(0:82-83) _2MRF |
||
| 100 | 1 |
_aHolečka, Emil, _d1946- _4com |
|
| 245 | 1 | 0 |
_aO kultúre a kultúrnosti s Miroslavom Válkom : _bzáznamy rozhovorov / _czostavil Emil Holečka |
| 250 | _a1. vyd. | ||
| 260 |
_aBratislava : _bSlovenský spisovateľ, _c1987 |
||
| 300 |
_a207 s. : _bil. ; _c8° |
||
| 600 | 1 | 7 |
_aVálka, Miroslav, _d1951- _2czenas |
| 650 | 0 | 7 |
_akultura _2czenas |
| 655 | 7 |
_adialogy _2czenas |
|
| 910 | _aABA001 | ||
| 942 |
_2ddc _cKLDO _n0 |
||
| 999 |
_c21392 _d21392 |
||